Prehľad vývoja základných proporcií v štruktúre ekonomiky Slovenska. Štruktúrne aspekty priebehu transformačného procesu v ekonomike Slovenska a východiská pre oživenie ponukových faktorov.

Základné vývojové tendencie a proporcie v štruktúre ekonomiky v r. 1987-1991. Vývoj základných ukazovateľov, spoločenského produktu, národného dôchodku, štruktúry hrubého domáceho produktu, hrubej priemyselnej výroby, výroby tovaru, priemerného počtu pracovníkov v priemysle a pracovníkov v SR. Ekono...

Ausführliche Beschreibung

Gespeichert in:
Bibliographische Detailangaben
1. Verfasser: Mokrášová, Viera
Format: Buchkapitel
Sprache:Slowakisch
Schlagworte:
Tags: Tag hinzufügen
Keine Tags, Fügen Sie das erste Tag hinzu!

MARC

LEADER 00000naa a2200000 4500
001 r013045
005 20221205075759.2
041 0 |a slo 
044 |a SK 
245 1 0 |a Prehľad vývoja základných proporcií v štruktúre ekonomiky Slovenska.  |b Štruktúrne aspekty priebehu transformačného procesu v ekonomike Slovenska a východiská pre oživenie ponukových faktorov.  |c Viera Mokrášová 
520 |a Základné vývojové tendencie a proporcie v štruktúre ekonomiky v r. 1987-1991. Vývoj základných ukazovateľov, spoločenského produktu, národného dôchodku, štruktúry hrubého domáceho produktu, hrubej priemyselnej výroby, výroby tovaru, priemerného počtu pracovníkov v priemysle a pracovníkov v SR. Ekonomický vývoj v r. 1991-1992. 
610 2 0 |a Slovensko 
610 2 0 |a vývoj hospodársky 
610 2 0 |a štruktúra ekonomická 
610 2 0 |a produkt spoločenský 
610 2 0 |a dôchodok národný 
610 2 0 |a produkt domáci hrubý 
610 2 0 |a transformácia 
610 2 0 |a výroba priemyselná 
610 2 0 |a výroba hrubá 
610 2 0 |a výroba tovarová 
610 2 0 |a počet pracovníkov 
610 2 0 |a údaje štatistické 
610 2 0 |a 1987-1991 
100 1 |a Mokrášová, Viera